Humanitarian intervention and International Relations / (Record no. 14356)
[ view plain ]
| 000 -LEADER | |
|---|---|
| fixed length control field | 01989cam a2200337 a 4500 |
| 001 - CONTROL NUMBER | |
| control field | 13558611 |
| 005 - DATE AND TIME OF LATEST TRANSACTION | |
| control field | 20171019140223.0 |
| 008 - FIXED-LENGTH DATA ELEMENTS--GENERAL INFORMATION | |
| fixed length control field | 040414s2004 enk | b 001 0 eng d |
| 010 ## - LIBRARY OF CONGRESS CONTROL NUMBER | |
| LC control number | 2004271566 |
| 015 ## - NATIONAL BIBLIOGRAPHY NUMBER | |
| National bibliography number | GBA3-V4848 |
| 020 ## - INTERNATIONAL STANDARD BOOK NUMBER | |
| International Standard Book Number | 9780199267217 |
| 020 ## - INTERNATIONAL STANDARD BOOK NUMBER | |
| International Standard Book Number | 9780199291625 |
| 035 ## - SYSTEM CONTROL NUMBER | |
| System control number | (OCoLC)ocm52829942 |
| 040 ## - CATALOGING SOURCE | |
| Original cataloging agency | PUL |
| Transcribing agency | PUL |
| Modifying agency | UKM |
| -- | NDD |
| -- | C#P |
| -- | UNA |
| -- | DLC |
| 042 ## - AUTHENTICATION CODE | |
| Authentication code | pcc |
| 050 00 - LIBRARY OF CONGRESS CALL NUMBER | |
| Classification number | JZ6369 |
| Item number | .H86 2004 |
| 082 00 - DEWEY DECIMAL CLASSIFICATION NUMBER | |
| Classification number | 341.584 |
| Edition number | 22 |
| Item number | HUM |
| 245 00 - TITLE STATEMENT | |
| Title | Humanitarian intervention and International Relations / |
| Statement of responsibility, etc | Edited by Jennifer M. Welsh. |
| 260 ## - PUBLICATION, DISTRIBUTION, ETC. (IMPRINT) | |
| Place of publication, distribution, etc | Oxford : |
| Name of publisher, distributor, etc | Oxford University Press, |
| Date of publication, distribution, etc | 2004. |
| 300 ## - PHYSICAL DESCRIPTION | |
| Extent | viii, 234 p. ; |
| Dimensions | 24 cm. |
| 504 ## - BIBLIOGRAPHY, ETC. NOTE | |
| Bibliography, etc | Includes bibliographical references and index. |
| 505 0# - FORMATTED CONTENTS NOTE | |
| Formatted contents note | Introduction / Jennifer M. Welsh -- Limiting sovereignty / Henry Shue -- The humanitarian responsibilities of sovereignty : explaining the development of a new norm of military intervention for humanitarian purposes in international society / Nicholas J. Wheeler -- Taking consequences seriously : objections to humanitarian intervention / Jennifer M. Welsh -- The United Nations and humanitarian intervention / Adam Roberts -- Humanitarian intervention in the Balkans / Nicholas Morris -- Humanitarian intervention and international society : lessons from Africa / James Mayall -- International intervention in East Timor / Ian Martin -- Humanitarian intervention and Afghanistan / Simon Chesterman -- Conclusion: Humanitarian intervention after 11 September / Jennifer M. Welsh. |
| 541 ## - IMMEDIATE SOURCE OF ACQUISITION NOTE | |
| Source of acquisition | Bacca ; |
| 650 #0 - SUBJECT ADDED ENTRY--TOPICAL TERM | |
| Topical term or geographic name as entry element | International relations. |
| 9 (RLIN) | 15796 |
| 650 #0 - SUBJECT ADDED ENTRY--TOPICAL TERM | |
| 9 (RLIN) | 15795 |
| Topical term or geographic name as entry element | Humanitarian intervention |
| 700 1# - ADDED ENTRY--PERSONAL NAME | |
| Personal name | Welsh, Jennifer M. |
| Fuller form of name | (Jennifer Mary), |
| Dates associated with a name | 1965- |
| Relator term | Editor |
| 9 (RLIN) | 15797 |
| 856 42 - ELECTRONIC LOCATION AND ACCESS | |
| Materials specified | Publisher description |
| Uniform Resource Identifier | <a href="http://www.loc.gov/catdir/enhancements/fy0620/2004271566-d.html">http://www.loc.gov/catdir/enhancements/fy0620/2004271566-d.html</a> |
| 942 ## - ADDED ENTRY ELEMENTS (KOHA) | |
| Source of classification or shelving scheme | Dewey Decimal Classification |
| Item type | Book - Borrowing |
| Withdrawn status | Item status | Source of classification or shelving scheme | Damaged status | Not for loan | Vendor | Home library | Current library | Shelving location | Date acquired | Source of acquisition | Cost, normal purchase price | Serial Enumeration / chronology | Total Checkouts | Total Renewals | Full call number | Barcode | Date last seen | Date last borrowed | Koha item type |
|---|---|---|---|---|---|---|---|---|---|---|---|---|---|---|---|---|---|---|---|
| Dewey Decimal Classification | Baccah | Central Library | Central Library | First floor | 04/07/2010 | 225.00 | 10484 | 15 | 27 | 341.584 HUM | 000021344 | 15/07/2025 | 15/04/2018 | Book - Borrowing |